La cabeza bien puesta: repensar la reforma, reformar el pensamiento

Gardado en:
Detalles Bibliográficos
Autor Principal: Morin, Edgar (autor)
Formato: Libro
Idioma:Lingua castelá
Publicado: Buenos Aires Nueva Visión 1999
Edición:1a. ed
Series:Psicopedagogía
Subjects:
Tags: Engadir etiqueta
Sen Etiquetas, Sexa o primeiro en etiquetar este rexistro!

MARC

LEADER 00000cam a2200000 a 4500
001 UCK0607
003 CL-VaPUC
008 041015e19990000AG |||||||||||||||||spa|d
020 |a 9506023956 
082 0 4 |a 370.12  |b MOR  |2 21 
100 |a Morin, Edgar  |e autor  |9 459920 
245 1 3 |a La cabeza bien puesta: repensar la reforma, reformar el pensamiento 
250 |a 1a. ed 
300 |a 143 p 
942 |c BK 
945 |d 20041015 00:00:00  |a cmena 
260 |a Buenos Aires  |b Nueva Visión  |c 1999 
650 0 |a Filosofía de la educación   |9 258384 
650 0 |a Reforma educacional   |9 256319 
650 0 |a Psicología educacional   |9 307830 
583 |a last modification  |c 20170310 05:44:30  |k Rodrigo Vera 
490 0 |a Psicopedagogía 
999 |c 310975  |d 310973 
952 |0 0  |1 0  |4 0  |6 370_120000000000000_MOR_1999  |7 0  |8 A  |9 380077  |a BIBEDU  |b BIBEDU  |d 2019-11-21  |i 4070682  |o 370.12 MOR 1999  |p 4070682  |r 2019-11-21  |w 2019-11-21  |y BK  |k EBA 
952 |0 0  |1 0  |4 0  |6 370_120000000000000_MOR_1999  |7 0  |8 A  |9 380078  |a BIBEDU  |b BIBEDU  |d 2019-11-21  |i 4155408  |o 370.12 MOR 1999  |p 4155408  |r 2019-11-21  |w 2019-11-21  |y BK  |k EBA 
952 |0 0  |1 0  |3 erb  |4 0  |6 370_120000000000000_MOR_1999  |7 0  |8 A  |9 380079  |a BIBEDU  |b BIBEDU  |i 5365473  |o 370.12 MOR 1999  |p 5365473  |r 2019-11-21  |w 2019-11-21  |y BK  |z Catalogado en:20170317  |k EPE 
952 |0 0  |1 0  |3 erb  |4 0  |6 370_120000000000000_MOR_1999  |7 0  |8 A  |9 380080  |a BIBEDU  |b BIBEDU  |i 5365465  |o 370.12 MOR 1999  |p 5365465  |r 2019-11-21  |w 2019-11-21  |y BK  |z Catalogado en:20170317  |k EPE 
952 |0 0  |1 0  |3 erb  |4 0  |6 370_120000000000000_MOR_1999  |7 0  |8 A  |9 380081  |a BIBEDU  |b BIBEDU  |i 5365457  |o 370.12 MOR 1999  |p 5365457  |r 2019-11-21  |w 2019-11-21  |y BK  |z Catalogado en:20170317  |k EPE